Pasaporte : a journey of a hundred years / (Record no. 822)

MARC details
000 -LEADER
fixed length control field 00634nam a2200205 4500
003 - CONTROL NUMBER IDENTIFIER
control field OSt
005 - DATE AND TIME OF LATEST TRANSACTION
control field 20251125140720.0
008 - FIXED-LENGTH DATA ELEMENTS--GENERAL INFORMATION
fixed length control field 240618b |||||||| |||| 00| 0 eng d
020 ## - INTERNATIONAL STANDARD BOOK NUMBER
International Standard Book Number 9789715520836
040 ## - CATALOGING SOURCE
Original cataloging agency DWCL-Main lib.
Transcribing agency OC
082 ## - DEWEY DECIMAL CLASSIFICATION NUMBER
Classification number Fil. 342.599 B356p 2010
006 - FIXED-LENGTH DATA ELEMENTS--ADDITIONAL MATERIAL CHARACTERISTICS
fixed length control field a
100 ## - MAIN ENTRY--PERSONAL NAME
Personal name Baybay, Dulce Festin
245 ## - TITLE STATEMENT
Title Pasaporte : a journey of a hundred years /
260 ## - PUBLICATION, DISTRIBUTION, ETC.
Place of publication, distribution, etc. Manila :
Name of publisher, distributor, etc. Dep’t of Foreign Affairs,
Date of publication, distribution, etc. c2010.
300 ## - PHYSICAL DESCRIPTION
Other physical details 193 p. : ill. (some col.) ;
Dimensions 29 x 34 cm.
650 ## - SUBJECT ADDED ENTRY--TOPICAL TERM
Topical term or geographic name entry element 1. Passports–Philippines–History–Pictorial works.
700 ## - ADDED ENTRY--PERSONAL NAME
Personal name Dulce Festin Baybay
942 ## - ADDED ENTRY ELEMENTS (KOHA)
Source of classification or shelving scheme Dewey Decimal Classification
Suppress in OPAC No
Koha item type Book-Filipiniana
Call number prefix Fil.
Holdings
Withdrawn status Lost status Source of classification or shelving scheme Damaged status Not for loan Home library Current library Shelving location Date acquired Source of acquisition Total Checkouts Full call number Barcode Date last seen Copy number Price effective from Koha item type Uniform Resource Identifier
    Dewey Decimal Classification     College Library College Library Filipiniana 02/06/2013 Donation   Fil. 342.599 B356p 2010 49785 06/18/2024 c2 06/18/2024 Book-Filipiniana
    Dewey Decimal Classification     College Library College Library Filipiniana 02/06/2013 Donation   Fil. 342.599 B356p 2010 CL49784 11/25/2025 C1 11/25/2025 Book-Filipiniana